00421cam a2200169ua 45000010005000000080039000050200018000440400009000620820008000711000034000792450037001132500009001502600035001593000016001946530014002106530027002243037110922n ii |||gr||||Z||||||asm a81-86494-83-9 cMAIN a9201 aSaikia, Bipul Jyoti,eAuthor.11aRamanujancby Bipul Jyoti Saikia a1st. aGuahati:bStudents stores,998. a50p:c23cm. aBiography aBiography of Ramanujan